[Event "FAI-chT2 1920"]
[Site "Faroe Islands"]
[Date "2019.11.17"]
[Round "4.3"]
[White "Naes, Jogvan"]
[Black "Nielsen, Jon I Horni"]
[Result "1-0"]
[WhiteElo "1719"]
[BlackElo "1738"]
[PlyCount "81"]
[EventDate "2019.10.13"]
[EventType "team-tourn"]
[EventRounds "10"]
[EventCountry "FAI"]
[SourceTitle "CBM 195 Extra"]
[Source "ChessBase"]
[SourceDate "2020.05.31"]
[SourceVersion "1"]
[SourceVersionDate "2020.05.31"]
[SourceQuality "1"]
[WhiteTeam "Havnin III"]
[BlackTeam "Sandavagur II"]
[WhiteTeamCountry "FAI"]
[BlackTeamCountry "FAI"]

1. e4 e5 2. Nf3 Nc6 3. Bb5 a6 4. Ba4 Nf6 5. 0-0 b5 6. Bb3 d6 7. Re1 Be7 8. h3 Be6 9. Bxe6 fxe6 10. c3 0-0 11. d4 exd4 12. cxd4 Qd7 13. Nbd2 Rae8 14. a3 Bd8 15. b4 Ne7 16. Bb2 Ng6 17. g3 e5 18. Kg2 Nh5 19. Ng1 Bf6 20. Qxh5 exd4 21. Bxd4 Bxd4 22. Qd5+ Qf7 23. Qxd4 Ne7 24. Rac1 c6 25. f4 Qa2 26. Qc3 d5 27. Rc2 d4 28. Qb3+ Qxb3 29. Nxb3 Nf5 30. Rxc6 Ne3+ 31. Kf3 Nc4 32. Rxa6 d3 33. Rd1 Ra8 34. Rxa8 Rxa8 35. Rxd3 Rxa3 36. Nc5 Ra1 37. Ne2 Rb1 38. e5 Kf7 39. e6+ Ke7 40. Nd4 Rxb4 41. Nc6+ 1-0

[Event "FAI-chT2 1617"]
[Site "Faroe Islands"]
[Date "2017.03.18"]
[Round "10.3"]
[White "Naes, Jogvan"]
[Black "Olsen, Rogvi M"]
[Result "1-0"]
[WhiteElo "1822"]
[BlackElo "1885"]
[PlyCount "107"]
[EventDate "2016.10.23"]
[EventType "team-tourn"]
[EventRounds "10"]
[EventCountry "FAI"]
[SourceTitle "EXT 2020"]
[Source "ChessBase"]
[SourceDate "2019.10.17"]
[SourceVersion "1"]
[SourceVersionDate "2019.10.17"]
[SourceQuality "1"]
[WhiteTeam "Havnin IV"]
[BlackTeam "Toftir"]
[WhiteTeamCountry "FAI"]
[BlackTeamCountry "FAI"]

1. e4 d6 2. d4 e5 3. Nf3 exd4 4. Nxd4 Nf6 5. Nc3 Be7 6. Be2 0-0 7. 0-0 Bd7 8. Be3 Nc6 9. f3 Nxd4 10. Qxd4 c5 11. Qd2 Bc6 12. Rfd1 Qb6 13. Rab1 Qc7 14. Bf4 Rad8 15. Qe3 Rfe8 16. Qxc5 Qb8 17. Qf2 Nh5 18. Be3 b6 19. Nd5 Bxd5 20. exd5 Nf6 21. c4 Nd7 22. Bd4 Bf6 23. Bxf6 Nxf6 24. Bd3 Qc7 25. Re1 h6 26. Rxe8+ Rxe8 27. Re1 Rxe1+ 28. Qxe1 Qc5+ 29. Qf2 Qb4 30. a3 Qb3 31. Qc2 Qa2 32. Qc3 Qa1+ 33. Bf1 Kf8 34. Kf2 Ke7 35. Qe1+ Qxe1+ 36. Kxe1 Nd7 37. Kd2 Kf6 38. Ke3 g5 39. Kd4 Ke7 40. b4 f5 41. Bd3 Kf6 42. Bc2 f4 43. Ba4 Ne5 44. c5 Ke7 45. Bb5 bxc5+ 46. bxc5 Nf7 47. c6 Kd8 48. Ke4 Kc7 49. Kf5 Ne5 50. h3 Kb6 51. h4 gxh4 52. Kxf4 Nf7 53. Kg4 a6 54. Be2 1-0

[Event "FAI-chT2 1617"]
[Site "Faroe Islands"]
[Date "2017.01.28"]
[Round "5.1"]
[White "Danielsen, Andrias"]
[Black "Naes, Jogvan"]
[Result "1/2-1/2"]
[WhiteElo "1838"]
[BlackElo "1822"]
[PlyCount "108"]
[EventDate "2016.10.23"]
[EventType "team-tourn"]
[EventRounds "10"]
[EventCountry "FAI"]
[SourceTitle "EXT 2020"]
[Source "ChessBase"]
[SourceDate "2019.10.17"]
[SourceVersion "1"]
[SourceVersionDate "2019.10.17"]
[SourceQuality "1"]
[WhiteTeam "Toftir"]
[BlackTeam "Havnin IV"]
[WhiteTeamCountry "FAI"]
[BlackTeamCountry "FAI"]

1. e4 e5 2. Nf3 Nf6 3. Nc3 Bb4 4. Bc4 d6 5. d3 h6 6. h3 c6 7. Bd2 Qe7 8. Ne2 Bxd2+ 9. Qxd2 Be6 10. Bb3 Nbd7 11. Ng3 Nc5 12. Bxe6 fxe6 13. b4 Ncd7 14. d4 exd4 15. Qxd4 0-0 16. 0-0 c5 17. bxc5 Nxc5 18. Rfe1 Rad8 19. Nh4 Kh7 20. Rad1 g5 21. Nf3 g4 22. hxg4 Nxg4 23. e5 Nxe5 24. Nxe5 dxe5 25. Qxe5 Rxd1 26. Rxd1 b6 27. Ne4 Rf5 28. Qd6 Qxd6 29. Nxd6 Rd5 30. Rxd5 exd5 31. Nc8 Kg6 32. Nxa7 Kf5 33. Nc8 Na4 34. Kf1 Ke5 35. Ke2 Nc3+ 36. Kd3 Nxa2 37. Nxb6 Nb4+ 38. Kc3 Nc6 39. Nd7+ Kf5 40. Kd2 Nd4 41. c3 Ne6 42. Ke3 h5 43. g3 Ng5 44. Nb6 Ke6 45. f3 Kd6 46. Na4 Ne6 47. f4 Ng7 48. Kf3 Nf5 49. Nb2 Kc5 50. g4 hxg4+ 51. Kxg4 Nd6 52. f5 Nxf5 53. Kxf5 d4 54. Ke4 dxc3 1/2-1/2

[Event "FAI-chT2 1617"]
[Site "Faroe Islands"]
[Date "2016.10.30"]
[Round "2.3"]
[White "Olsen, Alfred A"]
[Black "Naes, Jogvan"]
[Result "1/2-1/2"]
[WhiteElo "1788"]
[BlackElo "1822"]
[PlyCount "32"]
[EventDate "2016.10.23"]
[EventType "team-tourn"]
[EventRounds "10"]
[EventCountry "FAI"]
[SourceTitle "EXT 2020"]
[Source "ChessBase"]
[SourceDate "2019.10.17"]
[SourceVersion "1"]
[SourceVersionDate "2019.10.17"]
[SourceQuality "1"]
[WhiteTeam "Vestmanna"]
[BlackTeam "Havnin IV"]
[WhiteTeamCountry "FAI"]
[BlackTeamCountry "FAI"]

1. e4 e5 2. Nf3 Nf6 3. Nc3 Bb4 4. d3 Nc6 5. Be2 h6 6. 0-0 d6 7. Be3 Be6 8. a3 Ba5 9. b4 Bb6 10. d4 exd4 11. Nxd4 Nxd4 12. Bxd4 0-0 13. Bxb6 axb6 14. f4 Qe7 15. f5 Bd7 16. Bd3 Qe5 1/2-1/2

[Event "FAI-chT2 1415"]
[Site "Faroe Islands"]
[Date "2015.03.21"]
[Round "10.3"]
[White "Naes, Jogvan"]
[Black "Durhuus, Kari"]
[Result "1/2-1/2"]
[WhiteElo "1833"]
[BlackElo "1818"]
[PlyCount "89"]
[EventDate "2014.10.26"]
[EventType "team-tourn"]
[EventRounds "10"]
[EventCountry "FAI"]
[SourceTitle "EXT 2019"]
[Source "ChessBase"]
[SourceDate "2018.10.10"]
[SourceVersion "1"]
[SourceVersionDate "2018.10.10"]
[SourceQuality "1"]
[WhiteTeam "Havnin II"]
[BlackTeam "Vestmanna"]
[WhiteTeamCountry "FAI"]
[BlackTeamCountry "FAI"]

1. e4 e6 2. d4 d5 3. Nc3 Bb4 4. e5 c5 5. a3 cxd4 6. axb4 dxc3 7. bxc3 Qc7 8. Qd4 Nc6 9. Bb5 Nge7 10. f4 0-0 11. Qd1 Bd7 12. Bd3 f6 13. exf6 Rxf6 14. Nf3 e5 15. fxe5 Nxe5 16. Bb2 Nxf3+ 17. gxf3 Re6+ 18. Kf2 Rh6 19. Qg1 Qb6+ 20. Ke2 Qd6 21. c4 Ng6 22. c5 Qf8 23. Qd4 Nf4+ 24. Kd2 Nxd3 25. cxd3 Qf7 26. Rag1 Rg6 27. Rxg6 hxg6 28. Re1 a5 29. Re5 axb4 30. Qxd5 Qxd5 31. Rxd5 Bc6 32. Rd6 Rf8 33. Rxg6 Rxf3 34. Rxg7+ Kf8 35. Rh7 Rf2+ 36. Kc1 b3 37. h4 Ke8 38. h5 Rc2+ 39. Kb1 Rxc5 40. h6 Bb5 41. Rh8+ Kd7 42. Bf6 Bxd3+ 43. Kb2 Ke6 44. h7 Bxh7 45. Rxh7 1/2-1/2

[Event "FAI-chT2 1415"]
[Site "Faroe Islands"]
[Date "2015.01.24"]
[Round "7.3"]
[White "Petersen, Johnny"]
[Black "Naes, Jogvan"]
[Result "1/2-1/2"]
[WhiteElo "1678"]
[BlackElo "1833"]
[PlyCount "54"]
[EventDate "2014.10.26"]
[EventType "team-tourn"]
[EventRounds "10"]
[EventCountry "FAI"]
[SourceTitle "EXT 2019"]
[Source "ChessBase"]
[SourceDate "2018.10.10"]
[SourceVersion "1"]
[SourceVersionDate "2018.10.10"]
[SourceQuality "1"]
[WhiteTeam "Sandavagur III"]
[BlackTeam "Havnin II"]
[WhiteTeamCountry "FAI"]
[BlackTeamCountry "FAI"]

1. d4 d5 2. Nf3 e6 3. c4 c6 4. c5 f5 5. Bf4 Nf6 6. Nc3 Be7 7. e3 0-0 8. h3 Nbd7 9. Bd3 Ne4 10. 0-0 Bf6 11. Qc2 Qe8 12. Ne2 e5 13. Bh2 Kh8 14. Ne1 exd4 15. exd4 g6 16. f3 Ng5 17. Qd2 Ne6 18. Nc2 Qf7 19. Rae1 Re8 20. Bd6 Qg7 21. Qc3 Ndf8 22. f4 Bd7 23. Kh1 b6 24. b4 b5 25. a3 Nd8 26. Be5 Nf7 27. Ng1 Bxe5 1/2-1/2

[Event "FAI-chT2 1213"]
[Site "Faroe Islands"]
[Date "2012.11.18"]
[Round "3.3"]
[White "Naes, Jogvan"]
[Black "Danielsen, Andrias"]
[Result "0-1"]
[WhiteElo "1848"]
[BlackElo "1785"]
[PlyCount "52"]
[EventDate "2012.10.28"]
[EventType "team-tourn"]
[EventRounds "10"]
[EventCountry "FAI"]
[SourceTitle "EXT 2014"]
[Source "ChessBase"]
[SourceDate "2013.11.20"]
[SourceVersion "1"]
[SourceVersionDate "2013.11.20"]
[SourceQuality "1"]
[WhiteTeam "Havnin III"]
[BlackTeam "Toftir"]
[WhiteTeamCountry "FAI"]
[BlackTeamCountry "FAI"]

1. d4 d5 2. c4 c6 3. Nf3 e6 4. e3 Nf6 5. Nc3 Nbd7 6. Bd3 dxc4 7. Bxc4 b5 8. Bd3 Bb7 9. 0-0 Be7 10. e4 a6 11. e5 Nd5 12. Nxd5 cxd5 13. Bd2 0-0 14. Rc1 f6 15. exf6 Bxf6 16. Qe2 Re8 17. Ne5 Bxe5 18. dxe5 Rc8 19. Bb4 Qh4 20. Bd6 Qf4 21. Rxc8 Rxc8 22. Bxb5 axb5 23. Qxb5 Rc1 24. Qxb7 Qc4 25. h3 Rxf1+ 26. Kh2 Qf4+ 0-1

[Event "FAI-ch Almenni"]
[Site "Faroe Islands"]
[Date "2012.03.31"]
[Round "1"]
[White "Naes, Jogvan"]
[Black "Heldarskard, Vagn"]
[Result "1/2-1/2"]
[WhiteElo "1869"]
[BlackElo "1462"]
[PlyCount "100"]
[EventDate "2012.03.31"]
[EventType "swiss"]
[EventRounds "9"]
[EventCountry "FAI"]
[SourceTitle "EXT 2013"]
[Source "ChessBase"]
[SourceDate "2012.11.22"]
[SourceVersion "1"]
[SourceVersionDate "2012.11.22"]
[SourceQuality "1"]

1. d4 d5 2. Nf3 e6 3. Bf4 Nf6 4. e3 Be7 5. Bd3 Nbd7 6. Nbd2 c5 7. c3 c4 8. Bc2 Nh5 9. Bg3 Nxg3 10. hxg3 h6 11. Qe2 Qb6 12. 0-0-0 Qa5 13. Kb1 b5 14. e4 b4 15. cxb4 Qxb4 16. exd5 Rb8 17. b3 Nb6 18. Ne4 Nxd5 19. Qxc4 Nc3+ 20. Ka1 Qxc4 21. bxc4 Nxd1 22. Ba4+ Kf8 23. Rxd1 Bf6 24. Ne5 Rb4 25. Bb3 Bxe5 26. dxe5 g6 27. Rd8+ Kg7 28. Rxh8 Kxh8 29. Nd6 Ba6 30. Nxf7+ Kg7 31. Nd6 g5 32. Kb2 Rb8 33. Kc3 g4 34. c5 Rf8 35. Bxe6 Rxf2 36. Bxg4 Rxa2 37. c6 Ra5 38. Kb4 Rxe5 39. c7 Re1 40. c8Q Rb1+ 41. Ka5 Ra1+ 42. Kb4 Rb1+ 43. Ka3 Bxc8 44. Nxc8 Rc1 45. Bh3 Rc3+ 46. Kb4 Rxg3 47. Nxa7 Re3 48. Nc6 Re1 49. Kc4 Rd1 50. Nd4 Kf6 1/2-1/2

[Event "Vestmanna Almennur op"]
[Site "Vestmanna"]
[Date "2011.04.19"]
[Round "5.1"]
[White "Naes, Jogvan"]
[Black "Petersen, Gutti"]
[Result "1-0"]
[WhiteElo "1874"]
[BlackElo "1558"]
[PlyCount "99"]
[EventDate "2011.04.16"]
[EventType "swiss"]
[EventRounds "9"]
[EventCountry "FAI"]
[SourceTitle "EXT 2024"]
[Source "ChessBase"]
[SourceDate "2023.10.10"]
[SourceVersion "1"]
[SourceVersionDate "2023.10.10"]
[SourceQuality "1"]

1. d4 Nf6 2. Nf3 e6 3. Bf4 d5 4. e3 Be7 5. Bd3 Nbd7 6. Nbd2 b6 7. Ne5 Nxe5 8. Bxe5 c5 9. c3 0-0 10. Qe2 Bb7 11. f3 Nd7 12. Bg3 f5 13. 0-0 Nf6 14. Be5 g6 15. g3 Nd7 16. f4 Nxe5 17. fxe5 Qd7 18. g4 Kg7 19. h3 cxd4 20. exd4 f4 21. Nf3 g5 22. Kg2 h6 23. Rh1 Rh8 24. Rh2 h5 25. Rah1 Rh6 26. Bb1 Rah8 27. Qc2 h4 28. Ne1 Rc8 29. Kf3 b5 30. a3 a5 31. Qd3 Ba6 32. b4 a4 33. Rc2 Qc6 34. Qd2 Qd7 35. Nd3 Rf8 36. Rb2 Qc6 37. Nc5 Bxc5 38. bxc5 Rb8 39. Bc2 Rc8 40. Rhb1 Rhh8 41. Qd3 Rh6 42. Rb4 Rc7 43. Qe2 Rh8 44. Bd3 Rb8 45. Bxb5 Bxb5 46. Rxb5 Rxb5 47. Qxb5 Qa8 48. Rb4 Ra7 49. Qb6 Kf7 50. c6 1-0